000 00270nam a2200121Ia 4500
008 190216s9999||||xx |||||||||||||| ||und||
100 _aBahl Jc
245 0 _aSecretarial Ppracticein India
260 _bS Chand & Co
300 _a714p
650 _aCommerce
942 _cBK
999 _c3815
_d3815